000 00264nam a22001217a 4500
008 171215b xxu||||| |||| 00| 0 eng d
041 _aeng
080 _a78
100 _a45
101 _amus
245 _athe intepretaion of music
_cDART.TH
942 _2udc
_cBK
999 _c39005
_d39005